Riadenie nerovnomernosti chodu agregátu

Enregistré dans:
Détails bibliographiques
Auteur principal: Praženka, Martin, 1986- (Auteur)
Autres auteurs: Musil, Miloš, 1962- (Directeur de thèse)
Format: Manuscrit Livre
Langue:slovaque
Publié: Bratislava : STU v Bratislave SjF, 2010
Sujets:
Accès en ligne:VAIS
Tags: Ajouter un tag
Pas de tags, Soyez le premier à ajouter un tag!

MARC

LEADER 00000ntm a22000003a 4500
001 stu218828
005 20150617230114.9
008 101207s2010----xo------------------slo-d
040 |a STU  |b slo 
041 0 |a slo 
044 |a xo 
100 1 |a Praženka, Martin,  |d 1986-  |4 aut  |u J  |T SjF Strojnícka fakulta  |X 40952  |U J  |Y 20  |7 A000040952 
242 0 0 |a Control of aggregate rotational accuracy  |y eng 
245 1 |a Riadenie nerovnomernosti chodu agregátu 
260 |a Bratislava :  |b STU v Bratislave SjF,  |c 2010 
650 7 |a mechatronika  |2 stusub 
650 7 |a Mechatronics  |2 estusub 
650 7 |a MKP  |2 stusub 
650 7 |a aggregate  |2 estusub 
650 7 |a kľukový mechanizmus  |2 stusub 
700 1 |a Musil, Miloš,  |d 1962-  |4 ths  |u J0010  |U SjF Strojnícka fakulta  |T SjF Ústav aplikovanej mechaniky a mechatroniky  |X 2301  |U J0010  |Y 801  |7 A000002301 
856 4 |a info a plný text  |u http://is.stuba.sk/zp/portal_zp.pl?podrobnosti=63588  |3 VAIS